Stati africani per PIL (nominale) - Statistics

Statistiche generali
  • Questo quiz è stato fatto 23 volte
    12 dall'ultimo reset
  • Il punteggio medio è 8 su 10
Statistiche sulle risposte
PIL nominale (mld. $US) Nazione % Corretto
398,397 Egitto
100%
147,343 Marocco
100%
380,906 Sudafrica
100%
224,107 Algeria
92%
390,002 Nigeria
92%
155,804 Etiopia
83%
112,749 Kenya
67%
93,796 Angola
50%
84,033 Tanzania
42%
79,430 Costa d'Avorio
33%
Nessun quiz corrispondente trovato
Distribuzione punteggi
Percentuale di utenti per punteggio
Percentile per numero di risposta
I tuoi punteggi nel tempo
Non hai fatto questo quiz dall'ultimo reset